00714 a2200157 4500003000500000005001700005040000900022082000800031100002000039245007100059250001200130260004700142300001200189505033000201650002500531Nust20170207154204.0 cNust a510 aA.Pipes, Louis  aApplied Mathematics for Engineers and Physicists cLouis A.Pipes,  a3rd Ed  aMcGraw Hill Book Comany bNew York c1958  a1015 p  aThe Theory of Complex Variables (Page-1) Linear Differntial Equations (Page-53) Laplace Transforms (Page-143) Oscillations of Linear Mechanical Systems (Page-223) Transfer Functions and Impulse (Page-306) The Wave Equation (Page-435) Operaiional Mehtods in Applied Mathematical (Page-483) The Analysis of Nonlinear (Page-596) aApplied Mathematics